000 00330nam a22001457a 4500
008 230418b ||||| |||| 00| 0 eng d
020 _a2900960432010
041 _aeng
080 _230TH ANNIVERSARY EDITION
_a339
082 _a339CAL
100 _a44
101 _aENCI
245 _aECOTOPIA
_cCALLENBACH.E
942 _2udc
_cBK
999 _c59592
_d59592